countries with the lowest average elevations - Statistics

General Stats
  • This quiz has been taken 15 times
  • The average score is 6 of 10
Answer Stats
Hint Answer % Correct
30 meters (98 feet) the netherlands
92%
34 meters (112 feet) denmark
77%
61 meters (200 feet) estonia
77%
1.8 meters (6 feet) maldives
77%
28 meters (92 feet) qatar
62%
34 meters (112 feet) the gambia
62%
85 meters (279 feet) bangladesh
54%
70 meters (230 feet) guinea bissau
38%
83 meters (272 feet) trinidad and tobago
38%
69 meters (226 feet) senegal
31%
No matching quizzes found
Score Distribution
Percent of People with Each Score
Percentile by Number Answered
Your Score History
You have not taken this quiz